Journal of psychosexual health (Record no. 163990)
[ view plain ]
| 000 -LEADER | |
|---|---|
| fixed length control field | 00575nas a22001937a 4500 |
| 005 - DATE AND TIME OF LATEST TRANSACTION | |
| control field | 20190508114528.0 |
| 006 - FIXED-LENGTH DATA ELEMENTS--ADDITIONAL MATERIAL CHARACTERISTICS--GENERAL INFORMATION | |
| fixed length control field | a|||||r|||||00| 0 |
| 008 - FIXED-LENGTH DATA ELEMENTS--GENERAL INFORMATION | |
| fixed length control field | 110714c xxu||||| |||| 00| 0 eng d |
| 022 ## - INTERNATIONAL STANDARD SERIAL NUMBER | |
| International Standard Serial Number | 2631-8318 |
| 040 ## - CATALOGING SOURCE | |
| Original cataloging agency | dpl |
| Transcribing agency | dbad |
| 110 ## - MAIN ENTRY--CORPORATE NAME | |
| 9 (RLIN) | 29574 |
| 245 ## - TITLE STATEMENT | |
| Title | Journal of psychosexual health |
| 260 ## - PUBLICATION, DISTRIBUTION, ETC. (IMPRINT) | |
| Place of publication, distribution, etc | New Delhi |
| Name of publisher, distributor, etc | Sage Publications |
| Date of publication, distribution, etc | 2019 |
| 300 ## - PHYSICAL DESCRIPTION | |
| Extent | v. |
| Dimensions | 27 cm |
| 310 ## - CURRENT PUBLICATION FREQUENCY | |
| Current publication frequency | Quarterly |
| 710 ## - ADDED ENTRY--CORPORATE NAME | |
| 9 (RLIN) | 29575 |
| 270 ## - ADDRESS | |
| Address | B1/I-1, Mohan Cooperative Industrial Area, Mathura Road |
| City | New Delhi |
| Postal code | 110044 |
| Telephone number | 40539222 |
| Fax number | 40539222 |
| Electronic mail address | sage@vsnl.com |
| 942 ## - ADDED ENTRY ELEMENTS (KOHA) | |
| Source of classification or shelving scheme | Dewey Decimal Classification |
| Item type | Periodicals |
| Serial record | 1 |
| Call number suffix | JOU |
| Withdrawn status | Lost status | Source of classification or shelving scheme | Damaged status | Not for loan | Collection code | Home library | Current library | Date acquired | Source of acquisition | Total Checkouts | Full call number | Date last seen | Price effective from | Koha item type |
|---|---|---|---|---|---|---|---|---|---|---|---|---|---|---|
| Dewey Decimal Classification | Not For Loan | Non-fiction | D.B.Act.Division | D.B.Act.Division | 08/05/2019 | DBAD/PUB | JOU | 08/05/2019 | 08/05/2019 | Periodicals |
